01678nam a2200445 i 450000100060000000300080000600500170001400600190003100700150005000800410006502000180010603500230012403500240014703500250017103500210019604000310021705000210024808000080026908200140027710000320029124500850032326400550040830000410046333600310050433700330053533800430056849000140061149000300062550000220065558801230067759001640080065000560096465000410102065500270106179700190108883000150110783000310112285600620115399900170121571737FlNmELB20241217143326.0m o d | cr cnu||||||||150516s2009 mx o 001 0 spa d z9786077640073 a(MiAaPQ)EBC3227153 a(Au-PeEL)EBL3227153 a(CaPaEBR)ebr11002546 a(OCoLC)991998892 aFINmELBbspaerdacFINmELB 4aZ283b.L925 2009 a0700 a070.52231 aLópez Valdés, Mauricio.10aGuía de estilo editorial para obras académicas /cMauricio López Valdés. 1aMéxico D. F. :bEdiciones del Ermitaño,c2009. a1 recurso en línea (173 páginas) atextobtxt2rdacontent/spa acomputadorabc2rdamedia/spa arecurso en líneabcr2rdacarrier/spa1 aMinimalia1 aYo medito, tú me editas aIncluye índice. aDescripción basada en recurso en línea; Título de la página del título en PDF (e-libro, visto May 16, 2015). aRecurso electrónico. Santa Fe, Arg.: e-libro, 2015. Disponible vía World Wide Web. El acceso puede estar limitado para las bibliotecas afiliadas a e-libro. 0aPublishers and publishingvHandbooks, manuals, etc. 4aEditores y editorialvManuales, etc. 4aLibros electrónicos.2 ae-libro, Corp. 0aMinimalia. 0aYo medito, tú me editas.40uhttps://elibro.net/ereader/politecnicointernacional/40676 c71737d71737